000 005630000a22001930004500
041 0 _aSPA
082 0 4 _aG 173 C7121s
100 1 _aChristenson, Larry (1928- )
245 1 0 _a¿Hacia donde va la familia? / Larry Christenson
260 _aCaparra Terrace, Puerto Rico : Betania
300 _a29 Pag.
500 _aTítulo original : Which way the family?
650 1 4 _aFAMILIA CRISTIANA \ RELACIONES HUMANAS
001 1169
942 _cBK
999 _c32499
_d32499
336 _atexto
_btxt
_2rdacontent
337 _2rdamedia
_asin mediación
_bn
338 _2rdacarrier
_avolumen
_bnc